000 02671nam a22006857a 4500
082 _a628.1
_bMET
_cL-26,P-15
100 _aMetcalf
_950757
245 _aWaste water engineering collection treatment disposal
260 _aSingapur;
_bMcgraw Hill international Book co,
_c1972.
300 _a780p.
_c26cm.
526 _a0
_b0
_c0
_d628_100000000000000_MET
526 _a0
_b0
_c0
_d628_100000000000000_MET
526 _a0
_b0
_c0
_d628_100000000000000_MET
526 _a0
_b0
_c0
_d628_100000000000000_MET
526 _a0
_b0
_c0
_d628_100000000000000_MET
526 _a0
_b0
_c0
_d628_100000000000000_MET
526 _a0
_b0
_c0
_d628_100000000000000_MET
526 _a0
_b0
_c0
_d628_100000000000000_MET
526 _a0
_b0
_c0
_d628_100000000000000_MET
526 _a0
_b0
_c0
_d628_100000000000000_MET
526 _a0
_b0
_c0
_d628_100000000000000_MET
526 _a0
_b0
_c0
_d628_100000000000000_MET
526 _a0
_b0
_c0
_d628_100000000000000_MET
526 _a0
_b0
_c0
_d628_100000000000000_MET
526 _a0
_b0
_c0
_d628_100000000000000_MET
526 _a0
_b0
_c0
_d628_100000000000000_MET
526 _a0
_b0
_c0
_d628_100000000000000_MET
526 _a0
_b0
_c0
_d628_100000000000000_MET
526 _a0
_b0
_c0
_d628_100000000000000_MET
526 _a0
_b0
_c0
_d628_100000000000000_MET
526 _a0
_b0
_c0
_d628_100000000000000_MET
526 _a0
_b0
_c0
_d628_100000000000000_MET
526 _a0
_b0
_c0
_d628_100000000000000_MET
526 _a0
_b0
_c0
_d628_100000000000000_MET
526 _a0
_b0
_c0
_d628_100000000000000_MET
526 _a0
_b0
_c0
_d628_100000000000000_MET
526 _a0
_b0
_c0
_d628_100000000000000_MET
526 _a0
_b0
_c0
_d628_100000000000000_MET
526 _a0
_b0
_c0
_d628_100000000000000_MET
526 _a0
_b0
_c0
_d628_100000000000000_MET
526 _a0
_b0
_c0
_d628_100000000000000_MET
526 _a0
_b0
_c0
_d628_100000000000000_MET
526 _a0
_b0
_c0
_d628_100000000000000_MET
526 _a0
_b0
_c0
_d628_100000000000000_MET
526 _a0
_b0
_c0
_d628_100000000000000_MET
526 _a0
_b0
_c0
_d628_100000000000000_MET
526 _a0
_b0
_c0
_d628_100000000000000_MET
526 _a0
_b0
_c0
_d628_100000000000000_MET
526 _a0
_b0
_c0
_d628_100000000000000_MET
526 _a0
_b0
_c0
_d628_100000000000000_MET
526 _a0
_b0
_c0
_d628_100000000000000_MET
526 _a0
_b0
_c0
_d628_100000000000000_MET
526 _a0
_b0
_c0
_d628_100000000000000_MET
526 _a0
_b0
_c0
_d628_100000000000000_MET
526 _a0
_b0
_c0
_d628_100000000000000_MET
526 _a0
_b0
_c0
_d628_100000000000000_MET
526 _a0
_b0
_c0
_d628_100000000000000_MET
526 _a0
_b0
_c0
_d628_100000000000000_MET
942 _2ddc
_cBK
999 _c553515
_d553515